El modelo de economía solidaria : (Registro nro. 7776)

Detalles MARC
000 -LEADER
fixed length control field 01755nam a2200265Ia 4500
003 - CONTROL NUMBER IDENTIFIER
control field OSt
005 - DATE AND TIME OF LATEST TRANSACTION
control field 20210504131055.0
008 - FIXED-LENGTH DATA ELEMENTS--GENERAL INFORMATION
fixed length control field 210310s1998 ck ad 000 0 spa d
040 ## - CATALOGING SOURCE
Original cataloging agency CO-JCMR
Transcribing agency CO-JCMR
041 0# - LANGUAGE CODE
Language code of text/sound track or separate title spa
082 04 - DEWEY DECIMAL CLASSIFICATION NUMBER
Classification number 334.0919 /
Item number C748m
Edition number 23
110 2# - MAIN ENTRY--CORPORATE NAME
Corporate name or jurisdiction name as entry element Confederación Latinoamericana de Cooperativas y Mutuales de Trabajadores COLACOT
9 (RLIN) 37412
245 13 - TITLE STATEMENT
Title El modelo de economía solidaria :
Remainder of title una alternativa frente al neoliberalismo /
Statement of responsibility, etc. Confederación Latinoamericana de Cooperativas y Mutuales de Trabajadores COLACOT
260 ## - PUBLICATION, DISTRIBUTION, ETC.
Place of publication, distribution, etc. Bogotá :
Name of publisher, distributor, etc. Confederación General de Trabajadores Democráticos,
Date of publication, distribution, etc. 1998
300 ## - PHYSICAL DESCRIPTION
Extent 467 páginas :
Other physical details ilustraciones y gráficas a blanco y negro ;
Dimensions 23 cm.
500 ## - GENERAL NOTE
General note "Creación colectiva de autores comprometidos con el humanismo"--Portada
504 ## - BIBLIOGRAPHY, ETC. NOTE
Bibliography, etc. note Bibliografía: página 467
505 0# - FORMATTED CONTENTS NOTE
Formatted contents note Elementos ideológicos y políticos del modelo de economía solidaria -- El desarrollo del sector solidario hacia un modelo alternativo de economía nacional-Planificación macroeconómica de mediano plazo -- Marco jurídico del modelo de economía solidaria
520 3# - SUMMARY, ETC.
Summary, etc. Un millón de amigos de la economía solidaria, es un movimiento impulsado por COLACOT y la Escuela Latinoamericana de Economía Solidaria "ELES", destinado a la promoción, fomento y desarrollo de la Economía Solidaria en América Latina, al cual se pueden vincular todas las personas que sueñan y trabajan por una sociedad en libertad, con justicia, democracia y solidaridad.
650 14 - SUBJECT ADDED ENTRY--TOPICAL TERM
Topical term or geographic name entry element Economía solidaria
9 (RLIN) 15426
Geographic subdivision Colombia
650 24 - SUBJECT ADDED ENTRY--TOPICAL TERM
Topical term or geographic name entry element Neoliberalismo
Geographic subdivision Colombia
9 (RLIN) 37413
651 #2 - SUBJECT ADDED ENTRY--GEOGRAPHIC NAME
Geographic name América Latina
General subdivision Condiciones sociales
9 (RLIN) 9842
651 #2 - SUBJECT ADDED ENTRY--GEOGRAPHIC NAME
Source of heading or term América Latina
General subdivision Condiciones económicas
9 (RLIN) 37414
942 ## - ADDED ENTRY ELEMENTS (KOHA)
Source of classification or shelving scheme Dewey Decimal Classification
Koha item type Books
Existencias
Withdrawn status Lost status Source of classification or shelving scheme Damaged status Not for loan Collection code Home library Current library Date acquired Source of acquisition Total Checkouts Total Renewals Full call number Barcode Date last seen Date last checked out Copy number Koha item type
    Dewey Decimal Classification     Non-fiction Biblioteca Pública José María del Castillo y Rada Biblioteca Pública José María del Castillo y Rada 04/15/2018 Donación 2 2 334.0919 / C748m 430003726 05/16/2024 06/06/2023 Ej.1 Books